Catalog

Record Details

Catalog Search



The true meaning of the constitution : ratifier understanding  Cover Image Book Book

The true meaning of the constitution : ratifier understanding / Charles F. Patterson.

Record details

  • ISBN: 0970916345
  • Physical Description: ix, 438 pages ; 24 cm.
  • Publisher: Xenia, Ohio : Bentham Press, c2002.

Content descriptions

Bibliography, etc. Note:
Includes bibliographical references (p. 391-433) and index.
Subject: United States. Constitution.
Constitutional law > United States.

LDR 00840nam a2200229 a 4500
001126488
003CONS
00520140703073303.0
008020411s2002 ohu b 001 0 eng u
010 . ‡a 2001131239
020 . ‡a0970916345
035 . ‡a(CPomAG)LMN493986
08204. ‡a342.7302 ‡221
1001 . ‡aPatterson, Charles F.
24514. ‡aThe true meaning of the constitution : ‡bratifier understanding / ‡cCharles F. Patterson.
260 . ‡aXenia, Ohio : ‡bBentham Press, ‡cc2002.
300 . ‡aix, 438 pages ; ‡c24 cm.
504 . ‡aIncludes bibliographical references (p. 391-433) and index.
61010. ‡aUnited States. ‡tConstitution.
650 0. ‡aConstitutional law ‡zUnited States.
959 . ‡i32269000662786 ‡l342.7302 Pat ‡aAdult - Nonfiction ‡tNonFiction ‡g36.00
852 . ‡p32269000662786 ‡j342.7302 Pat ‡gAdult - Nonfiction ‡cNonFiction ‡y36.00 ‡bSBPL
901 . ‡a126488 ‡bUnknown ‡c126488 ‡tbiblio

Additional Resources